00621nam a2200193Ia 4500008004100000020001500041082001700056100002600073245004300099250000800142260004500150300002700195500001900222600002700241650001500268942000700283952012200290999001500412240925s9999 xx 000 0 und d a8120320646 a621.3815 BOY aBoylestad, Robert L. 0aElectronic Devices and Circuits Theory a8th aNew Jersey:bPrintice- Hall Int.c,2004. axv,672p.bNAfOriginal aIncludes Index aElectronic Engineering aTechnology cBK 001040708ELaUITUbUITUd2002-01-10eBook Netg130.00l0o621.3815 BOYpQ4123r2024-09-25 07:13:24w2024-09-25yBK c6622d6622